000 00387nam a2200145Ia 4500
008 240624s9999 xx 000 0 und d
041 _aeng
082 _a658.3 IVA
100 _aIVANCEVICH JOHN M
245 _aHUMAN RESOURCE MANAGEMENT
250 _a(11th ed.)
260 _c2010
_aBoston
_bMcGraw-Hill International Edition
300 _axviii, : 636 : p. : cm. ; 25
365 _c
_b30
999 _c14806
_d14806